000 00368pab a2200157 454500
008 180718b2001 xxu||||| |||| 00| 0 eng d
100 _aWalsh, Vivian
245 _aThe economics of Joan Robinson
260 _c2001
300 _ap.229-35
362 _aSummer
650 _aEconomics
650 _aRobinson, Joan
773 _aScience and Society
909 _a49246
999 _c49246
_d49246